000 00319nam a2200133Ia 4500
008 230917s9999||||xx |||||||||||||| ||und||
040 _e93200
_aMAIN
041 _aEnglish
082 _a677 D536S
100 _aDhamija, Sudershan
245 0 _aSome studies on acrylic high-bulk yarns
300 _a103 p.
942 _cTH
999 _c72816
_d72816